Estatísticas para Personagens da história do Brasil (parte 1)

Clique aqui para jogar o quiz

Estatísticas Gerais

  • Esse quiz foi jogado 3 265 vezes
  • A pontuação média é 10 de 18

Estatísticas das Respostas

DicaResposta% Correto
O maior líder do Quilombo dos PalmaresZumbi
95%
Presidente após a chamada "Revolução de 30", que findou a política "café-com-leite" e, logo depois, instaurou uma ditaduraGetúlio Vargas
86%
O principal ícone do movimento "Cangaço"Lampião
82%
Considerado o "descobridor"Pedro Álvares Cabral
80%
Escritor autor de "Memórias Póstumas de Brás Cubas" e outras grandes obrasMachado de Assis
77%
Primeira presidente mulherDilma Rousseff
75%
Mais famoso arquiteto, que desenhou BrasíliaOscar Niemeyer
71%
Presidente deposto para a instauração de uma ditadura militar em 1964João Goulart
69%
Primeiro presidente eleito (indiretamente) após a ditadura militar de 1964-85, que faleceu antes de tomar posseTancredo Neves
62%
Primeiro presidente após a instauração da RepúblicaDeodoro da Fonseca
58%
Escreveu "Capitães da Areia" e "Gabriela, Cravo e Canela"Jorge Amado
57%
Maior liderança de CanudosAntônio Conselheiro
53%
Líder da "Coluna Prestes"Luís Carlos Prestes
46%
Militante comunista e judia que foi presa e deportada para a Alemanha nazistaOlga Benário
45%
Um dos principais líderes da Revolta FarroupilhaBento Gonçalves
23%
Fundador da cidade do Rio de Janeiro e primeiro governador-geral da Capitania do Rio de Janeiro, no período colonialEstácio de Sá
17%
Único presidente nascido no Estado do Rio de JaneiroNilo Peçanha
10%
Político, diplomata e jurista brasileiro, que atuou em importantes questões como a abolicionista, a anexação do Acre ao Brasil e na defesa do federalismoRuy Barbosa
10%

Distribuição das Pontuações

Percentil de Números Respondidos

Porcentagem de Pessoas com Cada Pontuação

Sua Pontuação Histórica

Você não jogou esse quiz